Learning Resource and Development

Discourse markers in Bikol-Iriga : (Record no. 27476)

MARC details
000 -LEADER
fixed length control field 02753nam a2200301 i 4500
003 - CONTROL NUMBER IDENTIFIER
control field CSPC
005 - DATE AND TIME OF LATEST TRANSACTION
control field 20250326104723.0
008 - FIXED-LENGTH DATA ELEMENTS--GENERAL INFORMATION
fixed length control field 240417b2023 ph a ab 000 0 eng d
040 ## - CATALOGING SOURCE
Transcribing agency CSPC
Original cataloging agency CSPC
Language of cataloging eng
Description conventions rda
090 ## - LOCALLY ASSIGNED LC-TYPE CALL NUMBER (OCLC); LOCAL CALL NUMBER (RLIN)
Classification number (OCLC) (R) ; Classification number, CALL (RLIN) (NR) UTH ABELS Ar691d 2023
100 1# - MAIN ENTRY--PERSONAL NAME
Personal name Arrabe, John Carlo O.,
Relator term author.
245 10 - TITLE STATEMENT
Title Discourse markers in Bikol-Iriga :
Remainder of title A grammar sketch /
Statement of responsibility, etc. John Carlo O. Arrabe, Armella P. Mora, and Shaniah DG. Soriano
300 ## - PHYSICAL DESCRIPTION
Extent 111 leaves.
336 ## - CONTENT TYPE
Content type term text
Source rdacontent
337 ## - MEDIA TYPE
Media type term unmediated
Source rdamedia
338 ## - CARRIER TYPE
Carrier type term volume
Source rdacarrier
502 ## - DISSERTATION NOTE
Dissertation note Undergraduate Theses (ABELS) - English Language Studies.
Name of granting institution Camarines Sur Polytechnic Colleges, 2023.
504 ## - BIBLIOGRAPHY, ETC. NOTE
Bibliography, etc. note Includes bibliographical references.
520 3# - SUMMARY, ETC.
Summary, etc. This research focused on discovering and analysing the Bikol-Iriga dialect particularly Discourse Markers along with its types and functions. The main objective is to identify and uncover Bikol-Iriga dialect's different types and functions of discourse markers supported with Fung & Carter's Macro level of Discourse Particles. The researchers utilized a qualitative research design through the responses of the native IrigueƱos. Transcribed responses were used and analyzed using descriptive content analysis. Furthermore, the researchers used AntConc as an appropriate tool in obtaining the frequency and the percentage of the gathered DMs. Glossing of example sentences were applied in this study. Upon the interview, it was determined that there are DMs present in the dialect under the four (4) types of discourse markers structural, referential, cognitive, and interpersonal. Structural discourse markers consist of su, puon, ya, ay, and kadto/kadtong particles. Referential discourse marker consists of kuwa/kuwan, dawa, kin, kinding, ta, and saka. While in the cognitive discourse markers; gayud, bagana/bana, baga, biyo, man/uman, baya, nganako, and ngani. Lastly, the interpersonal discourse markers consists hay naku, inayko, and ngaya. The researchers made a grammar guide in Bikol-Iriga titled "Grammar Guide: Bikol-Iriga", presenting the grammatical categories and uniqueness of the dialect. The researchers recommend that liguists from Bikol-Iriga continue to unfold the uniqueness of the dialect and proposed that language documentation should continue as it is an essential tool for communication.
700 1# - ADDED ENTRY--PERSONAL NAME
Personal name Mora, Armella P.,
Relator term author
700 1# - ADDED ENTRY--PERSONAL NAME
Personal name Soriano, Shaniah DG.,
Relator term author
720 1# - ADDED ENTRY--UNCONTROLLED NAME
Name Martinez-Malaya, Janessa Angustia,
Relator term adviser
720 1# - ADDED ENTRY--UNCONTROLLED NAME
Name Fajardo, Dan Fereth B.,
Relator term panelist, chair
720 1# - ADDED ENTRY--UNCONTROLLED NAME
Name Pontillas, Marlon S.,
Relator term panelist
720 1# - ADDED ENTRY--UNCONTROLLED NAME
Name Nachor, Herbert John N.,
Relator term panelist
942 ## - ADDED ENTRY ELEMENTS (KOHA)
Source of classification or shelving scheme Dewey Decimal Classification
Koha item type Unpublished Materials
Suppress in OPAC No
Classification part ABELS
Item part Ar691d
Call number prefix UTH
Call number suffix 2023
Holdings
Withdrawn status Lost status Source of classification or shelving scheme Damaged status Not for loan Home library Current library Shelving location Date acquired Total Checkouts Full call number Barcode Date last seen Price effective from Koha item type
    Dewey Decimal Classification     Main Library Main Library Undergraduate Thesis Section 04/17/2024   UTH ABELS Ar691d 2023 006256UM 04/17/2024 04/17/2024 Unpublished Materials